| 000 | 00413nam a22001457a 4500 | ||
|---|---|---|---|
| 005 | 20260429163437.0 | ||
| 008 | 251223b |||||||| |||| 00| 0 eng d | ||
| 020 | _a978-0-471-79874-3 | ||
| 050 | _aPE 1628 .W43 200 | ||
| 100 | _aPROJECT EDITOR: JONATHAN L. GOLDMAN | ||
| 245 | _aWEBSTER'S NEW POCKET DICTIONARY | ||
| 260 |
_aOHIO, _bWILEY PUBLISHING, INC _c2000, |
||
| 300 | _aiV,380P. ILL | ||
| 942 |
_2lcc _cREF |
||
| 999 |
_c216388 _d216388 |
||